000 01420nam a22002537a 4500
001 8095
003 FISKH
005 20251205135536.0
008 250822b cb ||||| |||| 00| 0 eng d
040 _aFISKH
_bkhr
_cFISKH
_dFISKH
050 _aPZ7
082 _a398.209596
100 _aMinistry of Education ,Youth and Sports
245 _aថ្ងៃបុណ្យអុំទូក /
_cក្រសួងអប់រំយុវជន និងកីឡា
260 _aភ្នំពេញ :
_bក្រសួងអប់រំយុវជន និងកីឡា​ ,
300 _a16 pages :
_bcolor illustrations ;
_c25 cm .
505 _aL
520 _aគ្រួសាររបស់ជុំនិងជាតិទៅមើលបុណ្យអុំទូកនៅមុខវាំង រួចក៏ត្រលប់មកផ្ទះជីតាវិញ ។ ពួកគេក៏បានប្រាប់លោកតានូវអ្វីដែលគេបានឃើញនៅកន្លែងអុំទូក​ ។​
520 _aChum and Cheat’s family went to watch the boat racing festival in front of the Royal Palace, then returned to their grandfather’s house. They told their grandfather about what they had seen at the boat racing event.
521 8 _a530
_bLexile estimate
521 8 _aL
_bRaz-Plus
942 _2ddc
_cKHB
_n0
999 _c8095
_d8095